| 000 | 01363nam a22002655a 4500 | ||
|---|---|---|---|
| 005 | 2009062205395.0 | ||
| 010 | _aENG-94178 B-423845-846 | ||
| 020 |
_a9780415484480 _c295.00 |
||
| 035 | _aEN-77711 | ||
| 035 | _a B-423845-846 | ||
| 037 | _bDBAD / PUB | ||
| 082 | _a306.6 | ||
| 100 |
_aLata Mani _932333 |
||
| 245 |
_aSacredsecular: _bcontemplative cultural critique / _cby Lata Mani |
||
| 260 |
_aNew Delhi _bRoutledge _c2009 |
||
| 270 |
_a912-915 Tolstoy House 15-17 Tolstoy Marg, _bNew Delhi _e110001 |
||
| 300 |
_ax, 223p. _c23cm(pbk) |
||
| 500 | _aIncludes glossary and index | ||
| 650 |
_aReligion and culture. _932334 |
||
| 942 |
_2ddc _cEN _mLAT _h306.6 |
||
| 999 |
_c27770 _d27770 |
||